Central Library OPAC University of Rajshahi

What kind of Europe? : (Record no. 43702)

MARC details
000 -LEADER
fixed length control field 00983nam a2200277 a 4500
001 - CONTROL NUMBER
control field 43702
003 - CONTROL NUMBER IDENTIFIER
rucl marc code BD-RjUL
005 - DATE AND TIME OF LATEST TRANSACTION
control field 20211209053735.0
008 - FIXED-LENGTH DATA ELEMENTS--GENERAL INFORMATION
fixed length control field 160626s1965 enk 000 0 eng
035 ## - SYSTEM CONTROL NUMBER
System control number (BD-RjUL)43820
040 ## - CATALOGING SOURCE
Original cataloging agency DLC
Transcribing agency WSU
Modifying agency SER
-- ONS
-- UKM
-- BD-RjUL
Language of cataloging eng
041 ## - LANGUAGE CODE
Language code of text/sound track or separate title eng
082 ## - DEWEY DECIMAL CLASSIFICATION NUMBER
Classification number 321.021
Edition number 23
Author mark and year CAW 1965
100 1# - MAIN ENTRY--PERSONAL NAME
Personal name Camps, Miriam.
9 (RLIN) 134293
245 10 - TITLE STATEMENT
Title What kind of Europe? :
Remainder of title The community since De Gaulle's veto /
Statement of responsibility, etc. by Miriam Camps
260 ## - PUBLICATION, DISTRIBUTION, ETC. (IMPRINT)
Place of publication, distribution, etc. London :
Name of publisher, distributor, etc. Oxford University Press,
Date of publication, distribution, etc. 1965.
300 ## - PHYSICAL DESCRIPTION
Pagination x, 140 p. ;
Size 19 cm.
490 1# - SERIES STATEMENT
Series statement Chatham House essays ;
Volume/sequential designation 8
500 ## - GENERAL NOTE
General note "Issued under the auspices of the Royal Institute of International Affairs."
650 #0 - SUBJECT ADDED ENTRY--TOPICAL TERM
Topical term or geographic name as entry element European federation.
9 (RLIN) 134294
Topical term or geographic name as entry element Europe. Politique générale. Après 1960.
9 (RLIN) 134295
Topical term or geographic name as entry element Europe. Marché commun.
9 (RLIN) 134296
710 2# - ADDED ENTRY--CORPORATE NAME
Corporate name or jurisdiction name as entry element Royal Institute of International Affairs.
9 (RLIN) 134297
830 #0 - SERIES ADDED ENTRY--UNIFORM TITLE
Uniform title Chatham House essays ;
Volume number/sequential designation 8.
942 ## - ADDED ENTRY ELEMENTS (KOHA)
Source of classification or shelving scheme Dewey Decimal Classification
Koha item type Books
Holdings
Lost status Source of classification or shelving scheme Damaged status Not for loan Collection code Permanent Location Current Location Shelving location Date acquired Source of acquisition Cost, normal purchase price Total Checkouts Full call number Date last seen Copy number Koha item type
  Dewey Decimal Classification     Non-fiction Central Library, University of Rajshahi Central Library, University of Rajshahi   01/03/1967 Batighar, Chittagong 8.50   321.021 CAW 1965 26/06/2016 C-2 Books